Дело о допущении к государственным экзаменам при Московском университете

Доступно только в Электронных читальных залах Найти на картеНа карте
RUSMARC
00003779nmc2a22000003x 450
00104a978e5-f0ec-4703-ac20-0e20e2ff9843
00520191028193455.0
100##$a20171213l19151915k l0rusy0189 ca
1010#$arus
102##$aRU
2001#$aДело о допущении к государственным экзаменам при Московском университете
$j24 июля - 21 сентября 1915 г.
$hЧасть 3
251##$cДело
300##$aЧетыре части
801#0$aRU
$bРГИА
$c20171213
$gRCR
801#1$aRU
$bГлавНИВЦ
$c20171213
$2rusmarc
801#2$aRU
$bПБ им. Б.Н. Ельцина
$c20191028
$gRCR
$2rusmarc
850##$aРГИА
852##$aРГИА
$eФедеральное казенное учреждение "Российский государственный исторический архив" (РГИА)
$j57
937##$hРГИА
$d12225771
$aASBIBLIO_SCAN
462#0$100146c96731-af2d-49ce-8199-721d162b0637
$12001
$aДела по ученым учреждениям и высшим учебным заведениям Департамента народного просвещения за 1915-1917 годы
$1251
$cОпись
$1852
$j156
461#0$1001a74412a3-3cc5-4d21-8f0a-dfe2fbd9e72d
$12001
$aДепартамент народного просвещения Министерства народного просвещения (1803-1917)
$1251
$cФонд
$1852
$j733
215##$a190 л.
$d36,5х26 см
371##$aДокумент не является опубликованным и широко распространяемым
105##$ay###
1222#$ad
035##$a04a978e5-f0ec-4703-ac20-0e20e2ff9843
856##$uhttp://readingroom.main.prlib.ru/item.aspx?id_node=n133944359&mode=full
Формат отображения